MARC

LEADER 00000nam0a2200000 4500
001 17777
005 20231030191023.0
010 |a 5120021506 
035 |a (RuTPU)RU\TPU\book\17924 
035 |a BOOK00002612 
090 |a 17777 
100 |a 20011209d1991 km y0rusy50 ca 
101 0 |a rus 
102 |a UA 
105 |a y z 000zy 
200 1 |a Международная экономическая безопасность: внешторговый, валютно-финансовый и энергетический аспекты  |f Л. Л. Кистерский, И. Г. Гайдучок, Ю. В. Полунеев  |g  Академия Наук Украины; Институт социальных и экономических проблем зарубежных стран 
210 |a Киев  |c Наукова думка  |d 1991 
215 |a 182 с. 
610 1 |a экономика 
610 1 |a международные экономические связи 
610 1 |a мировая экономика 
610 1 |a торговля мировая 
610 1 |a энергетические ресурсы 
610 1 |a энергетическая безопасность 
686 |a У580  |v LBC/SL-A  |2 rubbk 
686 |a У584.3  |v LBC/SL-A  |2 rubbk 
700 1 |a Кистерский  |b Л. Л.  |g Леонид Леонидович 
701 1 |a Гайдучок  |b И. Г.  |g Игорь Григорьевич 
701 1 |a Полунеев  |b Ю. В.  |g Юрий Владимирович 
712 0 2 |a Академия наук Украины (АНУ)  |b Институт социальных и экономических проблем зарубежных стран  |2 stltpush  |3 (RuTPU)RU\TPU\col\15582 
801 0 |a RU  |b 63413507  |c 20011209  |g PSBO 
801 2 |a RU  |b 63413507  |c 20170614  |g PSBO 
942 |c BK